[Event "Hamar op A"]
[Site "Hamar"]
[Date "2018.11.01"]
[Round "5"]
[White "Soberg, Trond"]
[Black "Rohne, Jorgen"]
[Result "0-1"]
[WhiteElo "1249"]
[BlackElo "1277"]
[PlyCount "132"]
[EventDate "2018.09.06"]
[EventType "swiss"]
[EventRounds "7"]
[EventCountry "NOR"]
[SourceTitle "EXT 2024"]
[Source "ChessBase"]
[SourceDate "2023.10.10"]
[SourceVersion "1"]
[SourceVersionDate "2023.10.10"]
[SourceQuality "1"]

1. e4 c5 2. Bc4 e6 3. Nf3 Nc6 4. c3 d5 5. exd5 exd5 6. Bb5 Bd7 7. 0-0 Nf6 8. d3 h6 9. Bf4 a6 10. Bxc6 Bxc6 11. Re1+ Be7 12. Ne5 0-0 13. Qd2 Nh7 14. Nxc6 bxc6 15. Bxh6 gxh6 16. Qxh6 Qd6 17. Qh5 Rae8 18. Nd2 Qg6 19. Qh3 Bg5 20. Nb3 Qd6 21. d4 cxd4 22. Nxd4 Rxe1+ 23. Rxe1 Qg6 24. Nf5 Kh8 25. Qd3 Bf6 26. h3 Ng5 27. Re3 Ne4 28. g4 Be5 29. Qxa6 c5 30. Qd3 Rd8 31. a4 Qb6 32. f3 Bf4 33. Re2 c4+ 34. Qd4+ Qxd4+ 35. cxd4 Ng3 36. Nxg3 Bxg3 37. Re3 Rb8 38. Kf1 Bf4 39. Re2 Ra8 40. Re7 Kg7 41. Rd7 Ra5 42. h4 Bc1 43. Rb7 Rxa4 44. Rb5 Ra2 45. Rxd5 Bxb2 46. Ke1 c3 47. Kd1 Ra1+ 48. Kc2 Rf1 49. Rf5 Rf2+ 50. Kb1 Ba3 51. Rc5 Bxc5 52. dxc5 Re2 53. f4 c2+ 54. Kc1 Re4 55. Kxc2 Rc4+ 56. Kd3 Rxc5 57. h5 f6 58. Ke4 Kh6 59. Kd4 Ra5 60. Ke4 Rb5 61. Kf3 f5 62. Kg3 fxg4 63. Kxg4 Rb4 64. Kf5 Kxh5 65. Ke5 Kg6 66. f5+ Kf7 0-1

[Event "Hamar op B"]
[Site "Hamar"]
[Date "2016.10.20"]
[Round "4"]
[White "Rohne, Jorgen"]
[Black "Haukenes, Elias"]
[Result "1/2-1/2"]
[WhiteElo "1110"]
[BlackElo "1098"]
[PlyCount "113"]
[EventDate "2016.09.01"]
[EventType "swiss"]
[EventRounds "7"]
[EventCountry "NOR"]
[SourceTitle "EXT 2024"]
[Source "ChessBase"]
[SourceDate "2023.10.10"]
[SourceVersion "1"]
[SourceVersionDate "2023.10.10"]
[SourceQuality "1"]

1. e4 e5 2. Nf3 Nc6 3. Bc4 Bc5 4. d3 Nf6 5. Bg5 Nd4 6. c3 Ne6 7. Qd2 d6 8. d4 Bb6 9. dxe5 Nxe4 10. Bxd8 Nxd2 11. Nbxd2 Kxd8 12. exd6 cxd6 13. 0-0 Bd7 14. Rad1 Bc6 15. Be2 Nf4 16. Rfe1 Re8 17. Kf1 Kd7 18. Nc4 Bc7 19. Ne3 Re6 20. g3 Nxe2 21. Kxe2 Bb5+ 22. Kd2 Rf6 23. c4 Ba5+ 24. Kc2 Bxe1 25. cxb5 Bxf2 26. Ng4 Rxf3 27. Rf1 Rc8+ 28. Kd1 Re8 29. Rxf2 Rxf2 30. Nxf2 Re5 31. a4 Kc7 32. Kd2 Kb6 33. b4 a6 34. bxa6 bxa6 35. Kd3 a5 36. b5 Kc5 37. Ne4+ Kb4 38. b6 Kxa4 39. b7 Rb5 40. Nxd6 Rb6 41. Ne4 Rxb7 42. Nc5+ Kb4 43. Nxb7 a4 44. Kc2 Kc4 45. Nd6+ Kd4 46. Nxf7 Ke3 47. Ng5 h6 48. Ne6 g5 49. Ng7 Kf3 50. Nf5 h5 51. Ng7 h4 52. gxh4 gxh4 53. Nf5 h3 54. Nh4+ Kf2 55. Ng6 Kg2 56. Nf4+ Kxh2 57. Nxh3 1/2-1/2

[Event "Hamar op B"]
[Site "Hamar"]
[Date "2016.09.01"]
[Round "1"]
[White "Rohne, Jorgen"]
[Black "Orsleie, Sivert Nikolai"]
[Result "0-1"]
[WhiteElo "1110"]
[BlackElo "1336"]
[PlyCount "112"]
[EventDate "2016.09.01"]
[EventType "swiss"]
[EventRounds "7"]
[EventCountry "NOR"]
[SourceTitle "EXT 2024"]
[Source "ChessBase"]
[SourceDate "2023.10.10"]
[SourceVersion "1"]
[SourceVersionDate "2023.10.10"]
[SourceQuality "1"]

1. e4 c5 2. Nf3 Nc6 3. Nc3 g6 4. a3 Bg7 5. Bc4 e6 6. 0-0 Nge7 7. d3 a6 8. Bd2 b5 9. Ba2 0-0 10. Qc1 d5 11. exd5 exd5 12. Bh6 Bg4 13. Ne1 d4 14. Bxg7 Kxg7 15. Ne4 Be2 16. Qf4 Bxf1 17. Kxf1 Qb6 18. Qf6+ Kg8 19. Qg5 Nf5 20. Nf6+ Kg7 21. Nd7 Qd8 22. Qxd8 Rfxd8 23. Nxc5 a5 24. Nf3 Nce7 25. Ne4 Rac8 26. Rc1 Nd5 27. g4 Nfe7 28. Nxd4 Nb4 29. axb4 Rxd4 30. bxa5 Rxd3 31. Ke2 Rd4 32. f3 Ra4 33. Bb3 Rb4 34. Rd1 Nc6 35. Nd6 Rd8 36. a6 Rd4 37. Rxd4 Nxd4+ 38. Ke3 Nxb3 39. a7 Na5 40. Nxb5 Nc6 41. c4 Ra8 42. c5 Nxa7 43. Nxa7 Rxa7 44. Kd4 Kf6 45. b4 Rd7+ 46. Kc4 Ke5 47. c6 Rd4+ 48. Kc5 Rd5+ 49. Kb6 Kd6 50. b5 f6 51. h4 h6 52. f4 g5 53. fxg5 fxg5 54. hxg5 hxg5 55. Ka6 Kc7 56. Ka5 Rd4 0-1

[Event "Hamar Ridabu School-ch B"]
[Site "Hamar"]
[Date "2016.01.07"]
[Round "1"]
[White "Frydendal, Odd"]
[Black "Rohne, Jorgen"]
[Result "1-0"]
[WhiteElo "1293"]
[BlackElo "1087"]
[PlyCount "75"]
[EventDate "2016.01.07"]
[EventType "swiss"]
[EventRounds "9"]
[EventCountry "NOR"]
[SourceTitle "EXT 2024"]
[Source "ChessBase"]
[SourceDate "2023.10.10"]
[SourceVersion "1"]
[SourceVersionDate "2023.10.10"]
[SourceQuality "1"]

1. e4 e5 2. Nf3 Nc6 3. Bb5 d6 4. 0-0 Bd7 5. c3 Nf6 6. Re1 Be7 7. d4 a6 8. Ba4 0-0 9. Bg5 Ne8 10. Be3 Kh8 11. Nbd2 Bf6 12. h3 Rg8 13. Nf1 b5 14. Bb3 Qe7 15. Bc2 h6 16. Qd2 Kh7 17. g4 g5 18. Ng3 Nd8 19. Rad1 Be6 20. Nf5 Bxf5 21. exf5 Nb7 22. dxe5 dxe5 23. Bd4 Qd6 24. Nxe5 Kg7 25. Be4 Rb8 26. Qc2 Bxe5 27. Bxe5+ Qxe5 28. Bxb7 Qf6 29. Bf3 Nd6 30. Rd2 Rge8 31. Rde2 Rxe2 32. Qxe2 Kf8 33. Qd3 Re8 34. Rxe8+ Nxe8 35. Qd7 Qe7 36. Qc8 Qd6 37. Qa8 Kg7 38. Qxe8 1-0

[Event "Hamar op B"]
[Site "Hamar"]
[Date "2015.11.19"]
[Round "6"]
[White "Orsleie, Sivert Nikolai"]
[Black "Rohne, Jorgen"]
[Result "1-0"]
[WhiteElo "1286"]
[BlackElo "1098"]
[PlyCount "87"]
[EventDate "2015.09.03"]
[EventType "swiss"]
[EventRounds "7"]
[EventCountry "NOR"]
[SourceTitle "EXT 2024"]
[Source "ChessBase"]
[SourceDate "2023.10.10"]
[SourceVersion "1"]
[SourceVersionDate "2023.10.10"]
[SourceQuality "1"]

1. d4 d5 2. c4 e6 3. Bf4 Nf6 4. Nc3 c6 5. e3 Bb4 6. Rc1 Nbd7 7. Bd3 Qa5 8. Qb3 Nh5 9. Bg5 Nhf6 10. Nge2 a6 11. 0-0 Bxc3 12. Nxc3 Qc7 13. Qa3 h6 14. Bf4 Qd8 15. cxd5 exd5 16. Rc2 Nb6 17. Rfc1 Bd7 18. Ne2 Nc8 19. Ng3 Qe7 20. Qxe7+ Nxe7 21. Bd6 g6 22. Be5 Neg8 23. a4 Rh7 24. b4 Rc8 25. b5 a5 26. bxc6 bxc6 27. Ba6 Ra8 28. Bb7 Ra7 29. Bxc6 Bxc6 30. Rxc6 Ke7 31. Rc7+ Rxc7 32. Rxc7+ Nd7 33. Ra7 Ke6 34. Ra6+ Ke7 35. Rxa5 f6 36. Bc7 f5 37. Rxd5 Ndf6 38. Rc5 Kd7 39. a5 Ne8 40. Be5 Kd8 41. a6 Ra7 42. Rc6 Ne7 43. Rb6 Nc8 44. Rxg6 1-0

[Event "Hamar op B"]
[Site "Hamar"]
[Date "2015.09.17"]
[Round "2"]
[White "Soberg, Anders"]
[Black "Rohne, Jorgen"]
[Result "1-0"]
[WhiteElo "1198"]
[BlackElo "1098"]
[PlyCount "56"]
[EventDate "2015.09.03"]
[EventType "swiss"]
[EventRounds "7"]
[EventCountry "NOR"]
[SourceTitle "EXT 2024"]
[Source "ChessBase"]
[SourceDate "2023.10.10"]
[SourceVersion "1"]
[SourceVersionDate "2023.10.10"]
[SourceQuality "1"]

1. e4 e5 2. Nf3 Nc6 3. Bc4 d6 4. Nc3 Nf6 5. d4 Be7 6. Be3 Bg4 7. Be2 a6 8. d5 Na7 9. h3 Bh5 10. a4 h6 11. 0-0 Bg6 12. Nd2 0-0 13. f4 c6 14. b4 cxd5 15. exd5 Qc7 16. Bc4 Nc8 17. a5 Na7 18. f5 Bh7 19. Qe2 Rfc8 20. Bb6 Qb8 21. Nce4 Nxe4 22. Nxe4 f6 23. Ra3 Rf8 24. Rg3 Rf7 25. Qh5 Kf8 26. Nc5 dxc5 27. d6 Qe8 28. dxe7+ Qxe7 1-0

[Event "Hamar op B"]
[Site "Hamar"]
[Date "2014.12.04"]
[Round "7"]
[White "Rohne, Jorgen"]
[Black "Torp, Elliot Sveum"]
[Result "1-0"]
[WhiteElo "1150"]
[BlackElo "671"]
[PlyCount "69"]
[EventDate "2014.09.04"]
[EventType "swiss"]
[EventRounds "9"]
[EventCountry "NOR"]
[SourceTitle "EXT 2024"]
[Source "ChessBase"]
[SourceDate "2023.10.10"]
[SourceVersion "1"]
[SourceVersionDate "2023.10.10"]
[SourceQuality "1"]

1. d4 d5 2. c4 c6 3. e3 Nf6 4. Nc3 Be6 5. c5 b6 6. Bd2 Nbd7 7. b4 a5 8. a3 axb4 9. axb4 b5 10. Nge2 Bf5 11. Ng3 Bg6 12. Qc1 Rb8 13. Ra7 Qc8 14. Qa3 e5 15. Be2 exd4 16. exd4 Be7 17. 0-0 0-0 18. Ra1 Ne8 19. Bf4 Rb7 20. Rxb7 Qxb7 21. Qa7 Qxa7 22. Rxa7 Nef6 23. Rc7 Rb8 24. Rxc6 Bd8 25. Bxb8 Nxb8 26. Rc8 Nbd7 27. Rxd8+ Nf8 28. c6 h6 29. c7 Bc2 30. c8Q Kh7 31. Rxf8 Ne4 32. Rh8+ Kg6 33. Bh5+ Kg5 34. Qf5+ Kh4 35. Qg4# 1-0

[Event "Hamar op B"]
[Site "Hamar"]
[Date "2014.11.20"]
[Round "6"]
[White "Rohne, Jorgen"]
[Black "Haukenes, Elias"]
[Result "0-1"]
[WhiteElo "1150"]
[BlackElo "886"]
[PlyCount "94"]
[EventDate "2014.09.04"]
[EventType "swiss"]
[EventRounds "9"]
[EventCountry "NOR"]
[SourceTitle "EXT 2024"]
[Source "ChessBase"]
[SourceDate "2023.10.10"]
[SourceVersion "1"]
[SourceVersionDate "2023.10.10"]
[SourceQuality "1"]

1. d4 Nf6 2. Nc3 g6 3. Nf3 Bg7 4. e4 d6 5. Be2 Nbd7 6. Bg5 0-0 7. Qd2 b6 8. Bh6 Bb7 9. d5 e5 10. Bxg7 Kxg7 11. 0-0 c5 12. h3 Ne8 13. a3 Nc7 14. b4 f5 15. Qg5 Qxg5 16. Nxg5 h6 17. Ne6+ Nxe6 18. dxe6 Nf6 19. exf5 gxf5 20. Rfd1 d5 21. f3 Rae8 22. Nb5 Ba6 23. Rd2 Bxb5 24. Bxb5 Rxe6 25. Re2 Nh5 26. Rae1 e4 27. fxe4 fxe4 28. Rf2 Rxf2 29. Kxf2 Nf4 30. Bf1 cxb4 31. axb4 d4 32. Kg3 Nd5 33. b5 Nc3 34. Bd3 exd3 35. Rxe6 dxc2 36. Rc6 c1Q 37. Rc7+ Kf8 38. Rxa7 Ne4+ 39. Kh2 h5 40. g4 Qd2+ 41. Kg1 Qe3+ 42. Kg2 Qg3+ 43. Kh1 Qb8 44. Ra6 d3 45. Ra1 d2 46. Rd1 Qg3 47. Rf1+ Qf2 0-1